Recognize Country Flags by Its Colors - Statistics

General Stats
  • This quiz has been taken 15 times
  • The average score is 12 of 25
Answer Stats
Picture Answer % Correct
Germany
92%
Sri Lanka
83%
Bahamas
75%
Madagascar
75%
Mexico
75%
Barbados
67%
Central African Republic
67%
Seychelles
67%
South Africa
67%
Brazil
58%
Dominica
58%
Egypt
58%
Finland
58%
Nigeria
58%
Rwanda
58%
Spain
50%
Antigua and Barbuda
42%
Greece
33%
Uzbekistan
33%
Djibouti
25%
Saint Lucia
25%
Malawi
17%
Cambodia
0%
Lichtenstein
0%
Montenegro
0%
No matching quizzes found
Score Distribution
Percent of People with Each Score
Percentile by Number Answered
Your Score History
You have not taken this quiz